[Event "Australian-ch 2020"]
[Site "Kogarah"]
[Date "2020.01.10"]
[Round "8.2"]
[White "Wallis, Christopher"]
[Black "Ikeda, Junta"]
[Result "0-1"]
[WhiteElo "2322"]
[BlackElo "2438"]
[Annotator "TA"]
[PlyCount "78"]
[EventDate "2020.01.02"]
[EventType "swiss"]
[EventCountry "AUS"]
[SourceTitle "playchess.com"]
[Source "ChessBase"]
[SourceQuality "1"]

{[%evp 10,78,41,52,53,51,39,49,36,0,0,-4,0,0,0,-16,-8,-46,-19,-39,-19,-4,-14,-75,-83,-80,-81,-67,-69,-75,-69,-53,-48,-48,-45,-57,-39,-154,-143,-220,-239,-219,-222,-389,-316,-475,-455,-534,-555,-552,-535,-528,-556,-548,-547,-552,-540,-516,-519,-500,-470,-467,-462,-462,-456,-1252,-1220,-1669,-1670,-6083,-981]} 1. d4 f5 2. Bg5 h6 3. Bh4 g5 4. e3 Nf6 5. Bg3 d6 6. h4 {Threatens to win with hxg5.} g4 {A80: Dutch Defence: Unusual White second moves} 7. h5 (7. Nc3 Nh5 8. Nge2 Bg7 9. Bh2 Nc6 10. d5 Ne5 11. Nd4 O-O 12. Qd2 Bd7 13. O-O-O c6 14. f4 {1-0 (47) Yakubboev,N (2569)-Fedoseev,V (2715) Sharjah 2019}) 7... Be6 8. Bd3 Qd7 {White is slightly better.} 9. Ne2 Bf7 10. Nf4 Bg7 11. Nc3 Nc6 12. d5 $146 ({Predecessor:} 12. Qe2 a6 13. f3 O-O-O 14. O-O-O {1-0 (35) Pascua,H (2401)-Emperado,E (2231) Subic Bay 2016}) 12... Ne5 13. Be2 c6 (13... a6 {is more complex.} 14. a4 c6 15. Bh4 Nxh5 16. Nxh5 Bxh5 17. Bxe7 Bf7) 14. Bh4 Nxh5 15. Nxh5 Bxh5 16. dxc6 (16. Bxe7 $11 {remains equal.} Qxe7 17. Rxh5) 16... bxc6 $17 17. Bxe7 Qxe7 18. Rxh5 O-O 19. Qd2 $1 Qf7 20. Rh1 Rab8 $36 {[%mdl 2048] White is under pressure.} 21. b3 Qf6 {Hoping for ...Nf7.} 22. Rd1 d5 {aiming for ...Ng6.} 23. Na4 {[#]} (23. Kf1 $15) 23... g3 $1 {[%mdl 512]} 24. f3 (24. Nc5 $17 {was called for.} Qd6 25. Nd3) (24. fxg3 Ng4) 24... f4 $19 25. exf4 {[#]} Ng6 $1 ({Not} 25... Qxf4 26. Qxf4 Rxf4 27. Rh3 $11) 26. Kf1 $2 (26. f5 Qxf5 27. Kf1) 26... Nxf4 27. Ba6 (27. Re1 {was necessary.}) 27... Rbe8 {Black is clearly winning.} 28. Nc5 {Threatening Nd7.} Qe7 29. b4 h5 30. Re1 Qxe1+ {[%mdl 64] Overworked Piece} 31. Qxe1 Rxe1+ 32. Kxe1 Nxg2+ 33. Kd2 Rxf3 34. Nd3 Nf4 35. Nxf4 Rxf4 36. Rxh5 {White hopes to continue with Rg5.} Rg4 37. Bc8 {[#]} (37. Bf1 $142 g2 38. Bxg2 Rxg2+ 39. Kd1) 37... g2 $1 {[%mdl 512]} 38. Bxg4 g1=Q {And now ...Qd4+ would win.} 39. Be2 Bh6+ {Accuracy: White = 45%, Black = 95%.} 0-1

[Event "Australian-ch 2020"]
[Site "Kogarah"]
[Date "2020.01.10"]
[Round "8.3"]
[White "Clarke, Brandon G I"]
[Black "McClymont, Brodie"]
[Result "1/2-1/2"]
[WhiteElo "2438"]
[BlackElo "2421"]
[Annotator "TA"]
[PlyCount "65"]
[EventDate "2020.01.02"]
[EventType "swiss"]
[EventCountry "AUS"]
[SourceTitle "playchess.com"]
[Source "ChessBase"]
[SourceQuality "1"]

{[%evp 27,65,13,31,33,35,14,16,11,22,8,8,31,17,22,110,104,51,51,59,-45,-60,-100,237,250,384,377,377,362,376,365,338,-363,289,281,265,-355,0,0,233,-311]} 1. e4 c5 2. Nf3 d6 3. d4 cxd4 4. Nxd4 Nf6 5. Nc3 a6 6. f3 e5 7. Nb3 Be6 8. Be3 Be7 9. Qd2 O-O 10. O-O-O Nbd7 11. g4 b5 12. g5 b4 13. Ne2 Ne8 14. f4 a5 15. f5 {B90: Sicilian Najdorf: Unusual White 6th moves, 6 Be3 Ng4 and 6 Be3 e5} a4 16. fxe6 axb3 17. cxb3 {The position is equal.} (17. exd7 $2 bxa2 18. Qd5 a1=Q+ $19) (17. exf7+ Rxf7 18. Kb1 bxc2+ 19. Qxc2 Bxg5 20. Bxg5 Qxg5 21. Ng3 Kh8 22. Bc4 Rf8 {1-0 (40) Duda,J (2678)-Wojtaszek,R (2746) Germany 2017}) 17... fxe6 18. Bh3 Rxa2 {...Ra1+ is the strong threat.} 19. Bxe6+ Kh8 20. Ng3 {[%cal Be2g3,Bg3f5,Bf5h6,Bh6f7][%mdl 32]} Qa5 (20... Nc7 $11 {keeps the balance.} 21. Bc4 Qa8) 21. Nf5 $1 $16 {[%cal Rf5e7]} ({Reject} 21. Bxd7 $6 Ra1+ 22. Kc2 Qc7+ 23. Kd3 Rxd1 $11) 21... Nc5 22. Bd5 Bd8 $146 ({Predecessor:} 22... Ra1+) 23. Qc2 ({White should play} 23. Rhf1 $14) 23... g6 $36 {[%mdl 2048] Black has good play.} 24. Nh6 Bxg5 $2 {[%mdl 8192]} (24... Bb6 $1 $17 {White must now prevent ...Ne6!} 25. Qc4 Ne6 $1 {[%mdl 512]} 26. Bxb6 Qxb6) 25. Bxg5 $18 {And now Nf7+ would win.} Ra1+ (25... Qa7 {might work better.} 26. Be3 Nf6) 26. Kd2 $1 Rf2+ 27. Ke3 Rxc2 28. Nf7+ Kg8 29. Nxd6+ $4 {[%mdl 8192] [#]} (29. Rxa1 $18 Qb6 30. Bd8) 29... Kh8 $4 {[%mdl 8192]} (29... Ne6 $1 $19 {and all is fine.} 30. Bxe6+ Kh8 31. Nf7+ Kg7 32. Bh6+ Kf6 33. Rhf1+ Ke7 34. Bg5+ Kxe6 35. Nd8+ Qxd8 $1 {[%mdl 512]} 36. Bxd8 Rxd1 37. Rxd1 Rxb2) 30. Nf7+ $1 {[%mdl 64] Double Attack} Kg8 31. Nd6+ $4 {[%mdl 8192] [#]} (31. Rxa1 $18 {is the narrow road to win.} Qb6 32. Bd8) 31... Kh8 $4 {[%mdl 8192]} (31... Ne6 $1 $19 {and life is good for Black. ( -> ...Qc5+)} 32. Bxe6+ Kh8 33. Nf7+ Kg7 34. Bh6+ Kf6 35. Bg5+ Kxe6 36. Nd8+ {[#]} Qxd8 $1 {[%mdl 512]} 37. Bxd8 Ra2) 32. Nf7+ {[%mdl 64] Double Attack} Kg8 33. Nd6+ $4 {[%mdl 40960] Accuracy: White = 70%, Black = 46%. . An unexpected result.} (33. Rxa1 $18 Qb6 34. Bd8) 1/2-1/2

[Event "Australian-ch 2020"]
[Site "Kogarah"]
[Date "2020.01.10"]
[Round "8.4"]
[White "Puccini, Jack"]
[Black "Lo, Willis"]
[Result "1-0"]
[WhiteElo "2265"]
[BlackElo "2108"]
[Annotator "TA"]
[PlyCount "155"]
[EventDate "2020.01.02"]
[EventType "swiss"]
[EventCountry "AUS"]
[SourceTitle "playchess.com"]
[Source "ChessBase"]
[SourceQuality "1"]

{[%evp 24,155,0,0,0,0,0,0,0,0,0,0,0,-26,-26,-27,-30,-35,-27,-26,0,0,0,0,0,0,0,0,0,0,16,23,31,17,22,20,125,125,127,119,131,141,141,127,129,97,166,157,152,81,87,14,16,0,0,0,0,0,0,0,0,0,0,0,2,0,0,0,0,-6,-8,-12,187,187,316,316,316,316,316,316,301,300,256,146,227,227,227,212,1019,1023,904,823,760,702,1792,1694,2165,1160,4137,4137,4137,2663,29966,4137,29970,4137,29976,29977,29977,29978,29981,29982,29983,29984,29982,29983,29985,29986,29986,29985,29987,29988,29989,29990,29990,29991,29991,29992,29992,29993,29993,29993,29993,29994]} 1. e4 e5 2. Nf3 Nc6 3. d4 exd4 4. Nxd4 Nf6 5. Nxc6 bxc6 6. e5 Qe7 7. Qe2 Nd5 8. g3 $146 (8. c4 Ba6 9. b3 g6 {½-½ (41) Aronian,L (2765)-Amin,B (2709) Germany 2019}) ({Predecessor:} 8. c4 Ba6 9. g3 {½-½ (45) Rublevsky,S (2645)-Tseshkovsky,V (2589) Sochi 2005}) 8... g6 9. c4 Ba6 10. b3 Bg7 11. Bb2 O-O 12. Bg2 Rae8 13. O-O $1 Bxe5 {C45: Scotch Game} 14. Qxe5 Qxe5 15. Bxe5 Rxe5 {The position is equal.} 16. cxd5 Bxf1 17. Kxf1 cxd5 18. Nc3 (18. f4 $5 {[%cal Rf4e5]} Re3 19. Bxd5 $11) 18... c6 19. Rd1 Rfe8 20. Bf3 Kf8 21. Ne2 Ke7 22. Rd4 Kd6 23. Ra4 Ra8 24. Ra5 Kc7 25. b4 f6 26. Nc1 d4 {White must now prevent ...Rxa5.} 27. Ra4 a5 28. Nb3 {[%cal Rb4a5][%mdl 1024] White has compensation.} d3 29. bxa5 d2 (29... Rae8 $11 {remains equal.}) 30. Rd4 $1 $16 Re1+ 31. Kg2 d1=Q 32. Bxd1 d5 33. Bf3 Kd6 34. Rb4 Rb1 (34... Ra7 $16) 35. Rb7 $18 Rb2 36. Bg4 ({Resist} 36. Rxh7 $6 c5 $16) ({White should play} 36. a4) 36... f5 $16 37. Bd1 (37. Bf3 $16) 37... Rxa2 $11 38. Rxh7 {Strongly threatening Rg7.} c5 {Black wants to play ...c4.} 39. Rg7 c4 40. Rxg6+ Ke5 41. Nc1 Ra1 42. Ne2 $1 {Hoping for f4+.} d4 (42... Rxd1 $5 43. f4+ $8 Ke4 44. Nc3+ {[%mdl 64] Double Attack} Ke3 45. Nxd1+ Kd2 $11) 43. Nf4 $1 {[%csl Gf4][%cal Rg6e6]} d3 $1 44. Bf3 R8xa5 45. h4 Ra6 {...Rxg6 is the strong threat.} 46. Rg8 Rd6 47. h5 {next Ng6+ is good for White.} c3 $2 {[#]} (47... Kd4 $11 {and Black is okay.}) 48. h6 $1 $18 {[%cal Rh6h7]} Ra7 (48... c2 $142 49. Nxd3+ (49. h7 Rh6 $16) 49... Kd4) (48... Rxh6 49. Nxd3+) 49. Rg7 $1 Rxg7 ({Avoid the trap} 49... Rad7 $2 50. h7 $1 $18 {[%mdl 512]}) 50. hxg7 Rd8 {[#]} 51. Nxd3+ $1 {[%mdl 512]} Kf6 {[#]} (51... Rxd3 52. g8=Q) 52. Bd1 $1 Kxg7 53. Bc2 Ra8 (53... Kg6 $16 54. Kf3 Kf6) 54. Kf3 Ra2 55. Ne1 Ra1 $2 (55... Kf6 56. Ke3 Ra8) 56. Ng2 Kf6 57. Ne3 Ra5 58. Nxf5 Ke5 59. Ke3 Ra2 60. Nd4 Ra1 61. Ne2 Re1 62. f4+ Kf6 63. g4 Rh1 64. g5+ Kg7 65. Nxc3 {White mates.} Rc1 66. Kd3 Rf1 67. Nd5 Rf2 68. Kc3 Rg2 69. Be4 Re2 70. Kd4 Re1 71. Ke5 Kf7 72. f5 Kg7 73. f6+ Kf7 74. g6+ Kf8 75. Nc7 Rf1 76. Ne6+ Kg8 77. Bf5 Kh8 78. Ng5 {Accuracy: White = 83%, Black = 42%.} 1-0

[Event "Australian-ch 2020"]
[Site "Kogarah"]
[Date "2020.01.10"]
[Round "8.5"]
[White "Hu, Jason"]
[Black "Zhang, Jilin"]
[Result "1/2-1/2"]
[WhiteElo "2159"]
[BlackElo "2237"]
[Annotator "TA"]
[PlyCount "105"]
[EventDate "2020.01.02"]
[EventType "swiss"]
[EventCountry "AUS"]
[SourceTitle "playchess.com"]
[Source "ChessBase"]
[SourceQuality "1"]

{[%evp 9,105,8,22,22,46,19,49,44,35,14,31,-64,-74,-55,-2,-1,0,0,0,-8,-10,-10,-10,-8,0,-13,0,-16,0,-18,-14,-9,-9,-9,-8,-8,-8,-10,-16,-16,-18,-20,0,0,0,0,0,0,0,0,0,0,0,0,0,0,0,-22,0,-13,0,-8,0,0,0,0,0,0,0,-2,0,0,0,0,0,0,0,0,0,0,0,0,0,0,0,0,0,0,0,0,0,0,0,0,0,0,0,0]} 1. c4 g6 2. Nc3 Bg7 3. e4 e5 4. g3 Ne7 5. Bg2 c6 (5... d6 6. d3 c5 7. a3 Nbc6 8. Rb1 Be6 9. b4 Qd7 10. Nf3 h6 11. bxc5 dxc5 12. Nd5 g5 13. O-O O-O 14. Be3 {0-1 (46) Topalov,V (2749)-So,W (2812) Paris 2017}) 6. Nge2 {A21: English Opening: 1...e5 2 Nc3} O-O 7. O-O Na6 {[%cal Bb8a6,Ba6c5,Bc5d3][%mdl 32]} 8. Rb1 $146 {White is slightly better.} ({Predecessor:} 8. d4 exd4 9. Nxd4 Nc7 10. Bf4 Ne6 11. Nxe6 dxe6 12. Qxd8 Rxd8 13. Rfd1 {1-0 (33) Martin Prieto,O (2163)-Martinez Garcia,F (2028) Madrid 2006}) 8... d5 9. exd5 cxd5 10. Bxd5 (10. cxd5 $14 Nb4 11. Qb3) 10... Nxd5 $15 11. Nxd5 Bf5 (11... Bg4 $15) 12. d3 $11 {The position is equal.} Nc5 13. Be3 Nxd3 14. Nec3 e4 15. g4 Be6 {White should prevent ...Ne5.} 16. Nxe4 Bxd5 17. Qxd3 Be6 18. Qe2 Qc8 19. Nd6 Bxg4 20. f3 Qc6 21. fxg4 Qxd6 22. Qf3 $1 Bd4 23. Rbd1 Bxe3+ 24. Qxe3 Qc6 25. b3 a5 26. Qf3 Qc7 27. Qf4 Qe7 28. Qf6 Qe2 29. Qf3 Qe7 30. Qf6 Qe2 31. Qf3 Qe7 32. Rd5 Rad8 33. Rfd1 a4 34. Kg2 axb3 35. axb3 b6 36. R1d2 Rfe8 37. Qf4 Qb7 38. Kg3 Qe7 39. Kg2 Qb7 40. g5 Rd7 41. Qf3 Rde7 42. Rd8 Qc7 43. Rxe8+ Rxe8 {[%mdl 4096] Endgame KQR-KQR} 44. h4 Qe7 45. Qd5 h6 46. h5 Qe6 47. Qxe6 Rxe6 {KR-KR} 48. Rd8+ Kh7 49. Rd7 gxh5 50. Rxf7+ Kg6 {[%mdl 64] [#] Double Attack} 51. Rf6+ $1 Rxf6 52. gxf6 Kxf6 53. b4 {Accuracy: White = 69%, Black = 68%.} 1/2-1/2

[Event "Australian-ch 2020"]
[Site "Kogarah"]
[Date "2020.01.10"]
[Round "8.6"]
[White "Kethro, Michael"]
[Black "Kargosha, Bahman"]
[Result "1/2-1/2"]
[WhiteElo "2093"]
[BlackElo "2101"]
[Annotator "TA"]
[PlyCount "61"]
[EventDate "2020.01.02"]
[EventType "swiss"]
[EventCountry "AUS"]
[SourceTitle "playchess.com"]
[Source "ChessBase"]
[SourceQuality "1"]

{[%evp 9,61,11,17,9,15,7,16,0,0,8,-3,-4,10,21,11,2,23,39,44,30,49,47,33,41,52,47,53,51,60,39,37,31,25,31,27,35,20,16,35,12,30,10,14,9,12,15,10,0,7,0,12,0,9,0]} 1. d4 Nf6 2. c4 e6 3. g3 d5 4. Nf3 Bb4+ 5. Bd2 Bd6 (5... Be7 6. Bg2 Nbd7 7. O-O O-O 8. Qc2 c6 9. Bf4 b6 10. cxd5 cxd5 11. Rc1 Bb7 12. Bc7 Qe8 13. Qb3 Rc8 14. Na3 Ba6 15. Nb5 Bxb5 16. Qxb5 Nc5 17. Qxe8 Rfxe8 18. Bf4 Na4 19. Rxc8 Rxc8 20. Rc1 Rxc1+ 21. Bxc1 {0-1 (50) Giri,A (2776)-So,W (2760) Kolkata 2019}) 6. Nc3 {E01: Catalan: Early deviations} O-O 7. Bg5 c6 8. e4 dxe4 {[#]} 9. Nxe4 $1 {[%mdl 512]} Bb4+ (9... Nxe4 10. Bxd8) 10. Nc3 h6 11. Bxf6 Qxf6 12. Bg2 Nd7 $146 ({Predecessor:} 12... c5) 13. O-O Bxc3 14. bxc3 e5 15. Re1 {[%cal Rf3e5]} exd4 16. cxd4 Nb6 17. c5 Nd5 18. Ne5 Rd8 19. Qb3 Rb8 20. Rad1 Be6 21. Qa3 a6 22. Qc1 Ne7 23. h4 Ng6 24. Nxg6 (24. Qb2 {feels hotter.} Re8 25. Re3 Red8 26. Rdd3 Bd5 27. Rd2) 24... Qxg6 25. a3 Qf6 {The position is equal.} 26. Re4 Bd5 27. Rf4 Qg6 28. Bh3 Be6 29. Bg2 Bd5 30. Bh3 Be6 31. Bg2 {Accuracy: White = 56%, Black = 67%.} 1/2-1/2

[Event "Australian-ch 2020"]
[Site "Kogarah"]
[Date "2020.01.10"]
[Round "8.7"]
[White "Plant, John Stuart"]
[Black "Solomon, Stephen J"]
[Result "0-1"]
[WhiteElo "1993"]
[BlackElo "2319"]
[Annotator "TA"]
[PlyCount "118"]
[EventDate "2020.01.02"]
[EventType "swiss"]
[EventCountry "AUS"]
[SourceTitle "playchess.com"]
[Source "ChessBase"]
[SourceQuality "1"]

{[%evp 16,118,15,9,14,6,16,0,39,34,34,0,26,0,8,6,7,-4,-4,-4,0,0,0,-22,4,-3,0,-45,-51,-106,0,-62,0,-91,-11,-44,6,-26,12,-44,-64,-66,0,0,0,-22,-14,0,0,-201,-206,-189,-193,-206,-195,-192,-183,-343,-136,-257,-8,-8,-8,-104,-106,-131,-104,-114,-87,-78,-8,-233,-229,-216,-201,-224,-104,-154,-154,-154,-97,-406,-406,-414,-401,-465,-476,-847,-798,-1361,-1334,-1553,-1487,-29988,-29989,-29992,-29993,-29993,-29991,-29994,-29995,-29995,-29996,-29996,-29997]} 1. b3 Nf6 2. Bb2 g6 3. e3 Bg7 4. d4 O-O 5. Nf3 d6 6. Be2 e5 7. O-O Nbd7 8. c4 Re8 9. Nc3 c6 {E61: King's Indian: Early deviations for White, including Smyslov System} (9... e4 10. Nd2 Nf8 11. Nd5 Nxd5 12. cxd5 Qg5 13. Re1 Qxd5 14. Qc2 c6 15. b4 a6 16. Nc4 Nd7 17. f3 exf3 18. Bxf3 {1-0 (54) Bindrich,F (2606)-Teterev,V (2486) St Petersburg 2018}) 10. Re1 a6 11. a4 $146 ({Predecessor:} 11. Qc2 Qa5 12. Bd3 Nf8 13. dxe5 dxe5 14. a3 Bg4 15. b4 Qc7 16. Nd2 Rad8 17. c5 Qd7 18. Bc4 Qxd2 19. Qb3 Qd7 {0-1 (19) Zucchelli,M (2190)-Vukovic,I (2310) Budapest 1996}) 11... e4 {The position is equal.} 12. Nd2 $1 d5 13. Rc1 Nf8 14. cxd5 cxd5 15. b4 b6 16. Nf1 h5 17. b5 a5 18. Ba3 N8h7 19. Nb1 h4 20. Qc2 Ra7 21. Qc6 Bd7 22. Qc3 (22. Qc2 $15) 22... Qb8 ({Better is} 22... h3 $17 23. g3 Bg4) 23. Nbd2 (23. h3 $11) 23... Ng5 (23... h3 $15) 24. Rc2 (24. h3 $11 {keeps the balance.}) 24... Ne6 (24... h3 $17 25. Qb3 hxg2 26. Kxg2 Bh3+ 27. Kg1 Bd7) 25. Rec1 Kh7 26. f3 exf3 27. Bxf3 (27. Nxf3 $11 h3 28. Bd3 (28. gxh3 Ne4 $11)) 27... Ng5 28. Qb3 Be6 ({Much weaker is} 28... Nxf3+ $6 29. Nxf3 Bh6 30. h3 $14) (28... h3 $1 $15) 29. Rc6 $11 Rd7 30. Qc3 Nge4 ({But not} 30... Nxf3+ 31. Nxf3 Ne4 32. Qe1 $14) (30... h3 {is interesting.} 31. Rc8 Rxc8 32. Qxc8 Qxc8 33. Rxc8 hxg2 34. Bxg2 Rb7) 31. Bxe4 dxe4 32. Rc8 $2 (32. Nc4 $11 {and White is okay.} Bxc4 33. Rxc4) 32... Rxc8 $19 33. Qxc8 Qxc8 34. Rxc8 {[#]} Rxd4 $1 {[%mdl 576] Discovered Attack} 35. exd4 Bxc8 36. Ne3 $2 (36. Kf2) 36... Bb7 $2 (36... Ng4 $19 {is more deadly.} 37. Nxg4 Bxd4+ 38. Kf1 Bxg4 39. Nxe4 Bd1) 37. Kf2 (37. Ndc4 $17 {keeps fighting.}) 37... Bh6 $2 (37... Nd5 $19 38. Nxe4 Bxd4) 38. Ndc4 $11 Nd7 39. Be7 (39. Bd6 $11) 39... f5 $17 40. Bd8 f4 41. Ng4 e3+ 42. Kf1 Bf8 (42... Bg7 $17 43. Nce5 Nxe5 44. dxe5 Bd5 45. Bxb6 Bb3) 43. Nxb6 $2 (43. Bg5 $1 $11) 43... Nxb6 $19 44. Bxb6 $11 {[%mdl 4096] Endgame [#] KBB-KBN} Bb4 $1 {aiming for ...h3!} 45. d5 Be7 (45... g5 $19 {has better winning chances.} 46. h3 Kg7) 46. h3 Bxd5 {And now ...Bc4+ would win.} 47. Bxa5 g5 (47... Bb3 $142 48. b6 Bxa4) 48. b6 $2 {[%mdl 8192]} (48. Ne5 $17 {is a better chance.}) 48... Kg6 $19 49. Bc3 Kf5 50. a5 Bb7 51. Ke1 (51. Be1 $142 Ba6+ 52. Kg1) 51... Ke4 52. Kd1 Kd3 {[%mdl 64] Discovered Attack} 53. Be1 Bd6 54. Nh2 Ba3 {[%csl Gd3][%cal Re3e2] Black mates.} 55. Bd2 exd2 56. Nf3 Bb4 57. a6 Bd5 {[%cal Rd5b3]} 58. Ne5+ Kc3 59. Ke2 Kc2 {Accuracy: White = 20%, Black = 46%.} 0-1

[Event "Australian-ch 2020"]
[Site "Kogarah"]
[Date "2020.01.10"]
[Round "8.8"]
[White "Bayaca, Sterling"]
[Black "O`Chee, Kevin"]
[Result "1-0"]
[WhiteElo "1994"]
[BlackElo "2156"]
[Annotator "TA"]
[PlyCount "75"]
[EventDate "2020.01.02"]
[EventType "swiss"]
[EventCountry "AUS"]
[SourceTitle "playchess.com"]
[Source "ChessBase"]
[SourceQuality "1"]

{[%evp 19,75,57,133,142,135,139,125,125,129,129,141,136,198,188,188,189,192,188,216,187,203,196,197,187,327,324,319,318,350,348,339,320,342,320,322,297,426,424,421,416,500,501,515,495,556,537,675,657,750,744,775,758,800,796,961,759,1374,1362]} 1. c4 (1. Nf3 Nf6 2. d4 g6 3. c4 Bg7 4. Nc3 O-O 5. e4 {½-½ (10) Dizdarevic,E (2495)-Tratar,M (2503) Bol 2013}) 1... Nf6 2. Nc3 g6 3. e4 d6 4. d4 Bg7 5. Nf3 O-O 6. Be2 e5 7. dxe5 dxe5 8. Qxd8 Rxd8 9. Bg5 Nbd7 10. O-O-O Re8 (10... Rf8 $14) 11. Nb5 $16 {E92: King's Indian: Classical: 6 Be2 e5: 7 dxe5, 7 Be3 and Petrosian System without 7...Nbd7} Rb8 12. Nxc7 Rf8 13. Be3 {White is better.} b6 14. Nd5 Bb7 15. Nd2 Nxd5 $146 (15... Rfe8 $16 16. h4 Rbc8) ({Predecessor:} 15... Rfe8 16. f3 Nf8 17. Nb3 Ne6 18. Rd2 Rbc8 {1-0 (28) Bravo,W (2152)-Granados,C (2241) San Jose 2004}) 16. cxd5 $18 ({Don't do} 16. exd5 $6 b5 $16) 16... f5 17. f3 Nf6 18. Kb1 Rfd8 19. Rhf1 Nh5 20. g3 Rf8 21. Bg5 h6 (21... Bf6 {was called for.}) 22. Be7 Rfe8 23. Bd6 Ra8 24. Bb5 Rec8 25. Bd7 Rd8 26. Be6+ Kh7 27. Bc7 Rf8 (27... Ba6 $142 28. Bxd8 Bxf1) 28. exf5 gxf5 29. Bd6 Rfd8 30. Bxf5+ {White is clearly winning.} Kh8 31. Ne4 Nf6 {intending ...Nxe4.} 32. Be7 {[%mdl 64] [#] Double Attack} Nxe4 33. fxe4 Re8 34. d6 Bf8 35. Bh4 Ba6 36. Rf2 Reb8 37. Rfd2 Kg7 38. Rc2 {Accuracy: White = 92%, Black = 31%.} 1-0

[Event "Australian-ch 2020"]
[Site "Kogarah"]
[Date "2020.01.10"]
[Round "8.9"]
[White "McGowan, Cameron"]
[Black "Nakauchi, Gene"]
[Result "1-0"]
[WhiteElo "2221"]
[BlackElo "2150"]
[Annotator "TA"]
[PlyCount "121"]
[EventDate "2020.01.02"]
[EventType "swiss"]
[EventCountry "AUS"]
[SourceTitle "playchess.com"]
[Source "ChessBase"]
[SourceQuality "1"]

{[%evp 18,121,-18,-39,20,11,42,40,44,31,38,35,70,78,83,80,82,42,45,40,42,44,51,45,101,0,70,60,62,79,86,88,92,60,54,0,93,34,38,40,169,169,200,180,162,176,506,509,506,504,495,366,546,522,526,459,649,590,583,579,721,716,693,683,646,568,558,545,772,751,731,705,770,756,695,779,801,795,1256,1221,1414,1308,1608,1316,2651,2650,1701,1564,29981,29982,29985,29983,29989,29990,29994,29995,29995,29988,29988,29981,29981,29981,29981,29980,29998,29999]} 1. e4 c5 2. Nf3 e6 3. d3 Nc6 4. g3 d5 5. Nbd2 Nf6 6. Bg2 Be7 7. O-O O-O 8. Re1 Re8 9. e5 Nd7 10. Nf1 f6 {C00: French: Unusual White 2nd moves} (10... b5 $15) 11. exf6 $11 Bxf6 12. Ne3 Nb6 {White is slightly better.} 13. c4 dxc4 14. dxc4 e5 $146 ({Predecessor:} 14... Qxd1 15. Rxd1 Nd4 16. Nxd4 Bxd4 17. a4 a5 18. Ra2 {1-0 (42) Reinderman,D (2435)-Meulders,R (2310) Antwerp 1993}) 15. Qxd8 Rxd8 16. Nd2 Be6 17. Bxc6 bxc6 18. b3 e4 19. Rb1 Bc3 20. Re2 $1 Rd4 (20... Bxd2 $1 $14 21. Rxd2 a5) 21. Ndf1 ({Better is} 21. Nc2 $16) 21... Rb8 (21... Nd7 $11) 22. Ba3 Nd7 23. Rc1 $1 {[%cal Rc1c3]} Rd3 {[#]} 24. Ng2 $1 Bf5 25. Nf4 Bd4 26. Ne3 (26. Nxd3 $14 exd3 27. Re7) 26... Bg6 (26... Bxe3 $1 $11 27. Rxe3 (27. fxe3 Rd6 $11) 27... Rd2) 27. Nxg6 (27. Nxd3 exd3 28. Rb2 (28. Rd2 $2 Ne5 $19) 28... Rb6 $19) ({White should try} 27. Nc2 $16) 27... hxg6 $14 28. Nc2 Re8 (28... Nf6 $14) 29. Ne1 $36 {[%mdl 2048] White is in control.} Rc3 {[#]} 30. Rd1 $1 {Bb2 is the strong threat.} Ne5 31. Bb2 ({Stronger than} 31. Rxe4 Nf3+ 32. Nxf3 Rxe4 $17) 31... e3 $2 (31... Rd3 {is tougher.} 32. Nxd3 exd3 33. Rxd3 Nf3+ {[%mdl 64] Discovered Attack} 34. Kf1 (34. Rxf3 Rxe2 35. Bxd4 cxd4 $14) 34... Nxh2+ 35. Ke1 Rxe2+ 36. Kxe2 Bxb2 37. Rd8+ Kf7) 32. f4 Ng4 {and the idea ...Nf2 leaves Black hopeful.} 33. Bxc3 Bxc3 34. Nc2 Kf8 (34... Bd4 {was worth a try.} 35. Nxd4 Rd8 {[%mdl 64] Pin}) 35. Rd7 Bd2 36. Kg2 Nf6 (36... Nh6 $142 37. Kf3 Nf5) 37. Rd3 Bc1 38. h3 g5 39. fxg5 Ne4 40. h4 Nf2 41. Rdxe3 Bxe3 42. Rxe3 Rxe3 43. Nxe3 {[%mdl 4096] Endgame KN-KN} Nd3 44. Nd1 Kf7 45. Kf3 Ke6 46. Ke4 Nb4 47. Nc3 a5 48. h5 Kf7 49. g4 Nc2 50. Na4 Nb4 51. a3 Nc2 52. Nxc5 Nxa3 53. g6+ {White mates.} Kg8 54. g5 Nc2 55. h6 Kh8 56. h7 Nd4 57. Nb7 Ne6 58. Nd6 {[%cal Rd6f7]} Nxg5+ 59. Kf5 Nxh7 60. gxh7 c5 61. Kg6 {Accuracy: White = 71%, Black = 31%.} 1-0

[Event "Australian-ch 2020"]
[Site "Kogarah"]
[Date "2020.01.10"]
[Round "8.10"]
[White "Parle, Hughston"]
[Black "Ng, Clive"]
[Result "1-0"]
[WhiteElo "2057"]
[BlackElo "2061"]
[Annotator "NA RC"]
[PlyCount "77"]
[EventDate "2020.01.02"]
[EventType "swiss"]
[EventCountry "AUS"]
[SourceTitle "playchess.com"]
[Source "ChessBase"]
[SourceQuality "1"]
[TimeControl "40/5400+30:1800+30"]

1. e4 c5 2. Nf3 Nc6 3. d4 cxd4 4. Nxd4 Nf6 5. Nc3 e5 6. Ndb5 d6 7. Bg5 a6 8. Na3 b5 9. Nd5 (9. Bxf6 $5 gxf6 10. Nd5 $11) 9... Be7 10. Bxf6 Bxf6 11. c4 b4 12. Nc2 a5 13. h4 {B33: Sicilian: Pelikan and Sveshnikov Variations} (13. Qf3 Be6 14. Rd1 Bxd5 15. exd5 Nd4 16. Nxd4 exd4 17. Bd3 Kf8 18. g3 g6 19. h4 h5 20. O-O Kg7 {½-½ (34) Karjakin,S (2748)-Radjabov,T (2759) Moscow 2019}) 13... O-O 14. g3 g6 15. Bh3 Bb7 16. h5 Bg5 17. hxg6 $146 ({Predecessor:} 17. Qd3 Ne7 18. Nce3 Nxd5 19. Nxd5 {½-½ (38) Tiemann,H (2362)-Walczak,P (2473) ICCF email 2015}) 17... fxg6 18. Qe2 Ne7 19. Nce3 Nxd5 20. Be6+ Kh8 21. exd5 ({White should try} 21. Nxd5 $11 h5 22. Rd1) 21... Bxe3 ({Better is} 21... Qb6 $15) 22. Qxe3 Qf6 $2 {[#]} (22... Rf6 $11 23. O-O-O (23. Qh6 Qe7 $14) 23... Rxe6 24. dxe6 Bxh1 25. Rxh1 Qg8) 23. O-O-O $1 Qg7 24. Rh4 g5 25. Rh5 Bc8 26. Rxg5 Qf6 $18 (26... Qc7 $142) 27. Rf5 Qe7 28. Rxf8+ Qxf8 29. f4 Bxe6 30. dxe6 Rc8 31. Qe4 exf4 32. gxf4 Qg7 33. Rxd6 a4 34. e7 Re8 35. Rd8 Qg1+ 36. Kd2 Qf2+ 37. Kd3 Qf1+ 38. Kd4 Qf2+ 39. Kd5 1-0